Designing Tasks for the Communicative Classroom /

Guardado en:
Detalles Bibliográficos
Autor principal: Nunan, David (autor)
Formato: Libro
Idioma:Inglés
Publicado: Cambridge, Inglaterra : Cambridge University, 2003, c1989
Colección:(Cambridge Language Teaching Library)
Temas:
Etiquetas: Agrega una etiqueta
Sin etiquetas, Sé el primero en etiquetar este registro!

MARC

LEADER 00000nam^a2200000^a^4500
001 000168795
005 20260206000000.0
009 20260310101212.138
020 |a 0-521-37915-6 
037 |a Acervo ITESO - Departamento de Lenguas 
041 |a ING 
082 |a 425.  |b NUN 
100 |a Nunan, David  |e (autor) 
245 1 0 |a Designing Tasks for the Communicative Classroom /  |c D. Nunan. 
264 4 |a Cambridge, Inglaterra :  |b Cambridge University,  |c 2003, c1989 
300 |a X, 211 p. 
336 |a texto  |b txt  |2 rdacontenido 
337 |a sin mediación  |b n  |2 rdamedio 
338 |a volumen  |b nc  |2 rdasoporte 
440 1 |a (Cambridge Language Teaching Library) 
649 |a XX 
650 |a Inglés como Lengua Extranjera -  |x Estudio y Enseñanza 
650 |a Inglés -  |x Estudio y Enseñanza 
650 |a Competencia Comunicativa 
650 |a Lenguaje y Lenguas -  |x Estudio y Enseñanza 
910 |a Fondo General 
920 |a Impresos - Libros 
905 |a 150 
901 |a 0500105674  |b IT1  |c DLE  |u 20260206 
902 |a https://opac.biblio.iteso.mx/vufind/Record/000168795